[Event "7th Iberoamerican-ch 2019"]
[Site "Linares"]
[Date "2019.08.10"]
[Round "1.1"]
[White "Cori, Jorge"]
[Black "Guerrero Vargas, Andres Jesus"]
[Result "1-0"]
[WhiteElo "2686"]
[BlackElo "2331"]
[Annotator "TA"]
[PlyCount "101"]
[EventDate "2019.08.10"]
[EventType "swiss"]
[EventCountry "ESP"]
[SourceTitle "playchess.com"]
[Source "ChessBase"]
[SourceQuality "1"]

{[%evp 16,101,8,-1,2,-8,0,-14,11,11,30,32,23,23,29,22,22,16,16,14,11,15,13,0,11,13,40,0,0,-34,0,-45,-62,-55,-24,-37,112,127,104,127,93,108,128,77,250,209,248,86,113,89,97,79,79,101,115,0,0,0,0,0,0,0,0,0,0,0,105,110,187,185,179,178,316,316,337,345,407,393,423,414,523,531,661,422,489,470,534,531]} 1. d4 Nf6 2. Nf3 e6 3. e3 d5 4. Bd3 Bd6 5. O-O b6 6. b3 O-O 7. Bb2 Bb7 8. Nbd2 c5 9. Ne5 Nc6 {D05: Colle System with ...e6} 10. a3 Ne7 11. Qe2 (11. dxc5 bxc5 12. c4 Ng6 13. Nxg6 hxg6 14. cxd5 exd5 {½-½ (40) Nakamura,H (2763)-Le,Q (2715) chess.com INT 2018}) 11... Ng6 {The position is equal.} 12. a4 $146 ({Predecessor:} 12. Nxg6 hxg6 13. f4 Rc8 14. Nf3 cxd4 15. Bxd4 Qe7 16. a4 Bb4 17. Ng5 {1-0 (52) Borngaesser,R (2345)-Skripchenko,A (2456) Germany 2000}) 12... cxd4 (12... Qc7 {is interesting.} 13. f4 Nh4 14. a5 bxa5 15. g3 Nf5) 13. Nxg6 $1 hxg6 14. exd4 Qc7 15. g3 Rac8 16. Rfc1 Qd8 17. f4 Rc7 18. c3 a5 19. Re1 Re7 20. Nf3 Ne4 21. Bxe4 dxe4 22. Ng5 e5 (22... e3 $5 23. Nf3 (23. Qxe3 e5 $17) 23... g5 $1 $11 {[%mdl 512]}) 23. Qf1 {Threatening mate with Qh3.} (23. dxe5 Bc5+ 24. Kg2 e3+ 25. Nf3 g5 $1 $19 {[%mdl 512]}) (23. fxe5 Rxe5 24. dxe5 Bc5+ 25. Kg2 Qxg5 $17) 23... Qd7 $1 24. fxe5 Rxe5 25. Bc1 Rxg5 (25... Rd5 $15) 26. Bxg5 $16 e3 {White must now prevent ...Qc6.} 27. Rxe3 Qc6 28. Kf2 Qd5 29. Bf4 Be7 $2 (29... Bxf4 $16 30. gxf4 Bc6) 30. h4 ({Stronger than} 30. Rxe7 Qf3+ 31. Ke1 Qxc3+ 32. Kf2 Qf3+ 33. Kg1 (33. Ke1 Qc3+ {[%mdl 64] Double Attack} 34. Kf2 Qf3+ 35. Kg1 Qh1+ 36. Kf2 Qf3+ $11 {[%mdl 64] Double Attack}) 33... Qh1+ 34. Kf2 Qf3+ 35. Ke1 Qc3+ 36. Kf2 Qf3+ $11) 30... Bf6 31. Qb5 $2 (31. Rb1 $18 {has better winning chances.}) 31... Qg2+ 32. Ke1 Bf3 33. Rc1 {Qf1 is the strong threat.} (33. Qf1 Qb2 $11) 33... Bg4 34. Qd3 $1 ({But not} 34. Qxb6 $2 Qg1+ 35. Kd2 Qf2+ 36. Kd3 Bf5+ 37. Kc4 Rc8+ 38. Qc5 (38. Kb5 $2 Bd7+ 39. Kxa5 Bd8 $19) 38... Kh7 $19) 34... Rc8 35. Rc2 ({White has to play} 35. c4 $1 $16) 35... Qh1+ $1 $11 36. Qf1 Qd5 {Threatens to win with ...Bxd4.} 37. c4 Qxd4 {Hoping for ...Qd1+.} 38. Rd2 Qc5 39. Rd5 Qa3 40. Qd3 Be7 {[#]} (40... Qa2 $11) 41. Bd6 $1 $16 {[%cal Rd6a3]} Qc1+ (41... Qa1+ $16 42. Kf2 Bf6) 42. Kf2 $18 Bf6 {[#]} 43. Bf4 $1 {aiming for Re8+!} Qh1 (43... Qa1 $142 44. Rd6 Kh7) 44. Qf1 Qxf1+ 45. Kxf1 Bb2 46. Red3 Kh7 47. Rd8 Rc6 48. R3d6 {White is clearly winning.} Rc7 49. Re8 {Strongly threatening Rdd8.} Bd7 50. Rxb6 Rc5 51. Rd8 {Accuracy: White = 64%, Black = 37%.} 1-0

[Event "7th Iberoamerican-ch 2019"]
[Site "Linares"]
[Date "2019.08.10"]
[Round "1.2"]
[White "Serarols Mabras, Bernat"]
[Black "Anton Guijarro, David"]
[Result "0-1"]
[WhiteElo "2381"]
[BlackElo "2678"]
[Annotator "TA"]
[PlyCount "86"]
[EventDate "2019.08.10"]
[EventType "swiss"]
[EventCountry "ESP"]
[SourceTitle "playchess.com"]
[Source "ChessBase"]
[SourceQuality "1"]

{[%evp 11,86,10,10,0,34,38,35,28,32,41,39,23,59,56,28,0,0,0,0,0,0,0,0,-14,-10,0,0,-11,-6,-6,-10,-14,-30,-10,-14,-46,-38,-41,-29,-37,-22,-117,-26,-35,-28,-35,-35,-35,-34,-89,-88,-53,-57,-123,-136,-176,-147,-168,-166,-333,-304,-515,-505,-508,-623,-581,-571,-1450,-1388,-1186,-999,-29965,-29966,-29970,-29971,-29978,-29979]} 1. d4 Nf6 2. c4 e6 3. g3 d5 4. Bg2 dxc4 5. Nf3 c6 6. Ne5 Bb4+ 7. Bd2 {E04: Open Catalan: 5 Nf3} Be7 8. e3 b5 9. Nxc6 {White is slightly better.} Nxc6 10. Bxc6+ Bd7 11. Bxa8 Qxa8 12. O-O $146 ({Predecessor:} 12. f3 e5 13. dxe5 Ng4 14. O-O Nxe5 {½-½ (27) Vidit,S (2711)-Vitiugov,N (2726) Prague 2019}) 12... e5 13. dxe5 Bh3 {[%csl Gh3][%cal Ra8g2]} 14. f3 Ng4 $36 {[%mdl 2048] Black has good play.} 15. Nc3 a6 16. Ne4 O-O 17. fxg4 {And now Qf3 would win.} Bxf1 18. Qxf1 {Threatens to win with Qf5.} Qxe4 {[%mdl 64] Double Attack} 19. Qf4 Qd3 20. Bc3 $1 Bc5 21. Bd4 Bxd4 $1 22. Qxd4 $11 {[%mdl 4096] Endgame KQR-KQR} Rd8 23. Qf4 Qd5 {[%mdl 1024] Black has compensation.} 24. Rf1 Qe6 25. Rf2 Rd5 26. Qf5 (26. g5 $11 {remains equal.}) 26... h6 ({Of course not} 26... Rxe5 $6 27. Rd2 $11) ({Better is} 26... Qe8 $17 27. Re2 Rxe5) 27. Qxe6 fxe6 {KR-KR} 28. Kg2 Rxe5 29. Kf3 Kf7 30. Rc2 (30. e4 $15) 30... Rc5 $17 31. Ke4 Ke7 32. h4 {[#]} (32. a3 $15) 32... Kd6 $1 33. Rd2+ Rd5 34. Rf2 b4 35. Rc2 $2 (35. g5) 35... Kc5 $19 36. Kf4 $2 (36. h5) 36... g5+ 37. Ke4 a5 {[%cal Ba6a5,Ba5a4,Ba4b3,Bb3b2][%mdl 32]} 38. Kf3 a4 39. Ke4 {[#]} b3 $1 {[%mdl 512]} 40. axb3 axb3 41. Rf2 {[#]} c3 $1 {[%mdl 512] Black mates.} 42. bxc3 Kc4 43. Rf7 b2 {Accuracy: White = 33%, Black = 88%.} 0-1

[Event "7th Iberoamerican-ch 2019"]
[Site "Linares"]
[Date "2019.08.10"]
[Round "1.3"]
[White "Vallejo Pons, Francisco"]
[Black "Garcia Martin, Marta"]
[Result "1/2-1/2"]
[WhiteElo "2687"]
[BlackElo "2335"]
[Annotator "TA"]
[PlyCount "148"]
[EventDate "2019.08.10"]
[EventType "swiss"]
[EventCountry "ESP"]
[SourceTitle "playchess.com"]
[Source "ChessBase"]
[SourceQuality "1"]

{[%evp 23,148,13,18,17,18,16,18,11,8,10,14,-10,12,9,14,11,14,4,5,2,2,0,10,7,9,0,5,-36,0,-7,-9,-10,0,-16,0,0,0,-3,0,0,5,0,2,2,3,0,16,16,19,14,44,0,0,0,0,0,0,0,0,0,0,0,0,0,0,0,0,0,0,0,0,0,0,0,3,0,8,8,9,8,65,65,65,65,123,123,131,5,5,0,0,0,8,0,393,0,0,0,0,0,8,8,4,4,8,8,8,4,14,14,15,0,0,0,0,0,0,0,0,0,0,0,0,0,0,0,0]} 1. Nf3 Nf6 2. g3 d5 3. Bg2 e6 4. O-O Be7 5. c4 O-O 6. d4 dxc4 7. Qc2 a6 8. a4 Bd7 9. Qxc4 Bc6 10. Bg5 Bd5 11. Qc2 Be4 12. Qc1 h6 13. Bxf6 {E05: Open Catalan: 5 Nf3 Be7} Bxf6 14. Rd1 a5 15. Nc3 Bxf3 16. Bxf3 c6 17. h4 Na6 {[%cal Bb8a6,Ba6b4,Bb4d5][%mdl 32]} 18. Ne4 {[#]} Be7 $146 ({Predecessor:} 18... Qe7 19. h5 Rfd8 20. Qc4 Rd7 21. Rd2 Bg5 22. e3 Qb4 23. b3 Be7 24. Bd1 Rad8 25. Be2 Nc7 26. Qxb4 Bxb4 27. Rc2 Nd5 {½-½ (27) Filippov,V (2615)-Khalifman,A (2690) Kallithea 2002}) 19. e3 Qc7 20. Qc3 Rad8 21. Be2 Nb4 22. Bc4 Nd5 23. Qb3 Bb4 24. Rac1 Qe7 25. f4 Rc8 26. Kg2 Rc7 27. Nf2 Rd8 28. Rc2 Nb6 29. Rdc1 c5 30. Bb5 Rdc8 (30... Rcc8 {feels hotter.} 31. dxc5 Bxc5 32. Ne4 Bb4 33. Rxc8 Nxc8 34. Rd1 Nb6) 31. dxc5 Rxc5 32. e4 Rxc2 33. Rxc2 Rxc2 34. Qxc2 Qd6 35. Nd3 Qd4 36. Kf3 Bd6 37. b3 (37. Qc3 {is more complex.} Qxc3 38. bxc3 Nc8 39. h5 Kf8 40. e5) 37... h5 38. Qf2 Qxf2+ 39. Kxf2 $11 {[%mdl 4096] Endgame KBN-KBN} Kf8 40. Kf3 Ke7 41. g4 hxg4+ 42. Kxg4 Ba3 43. h5 Nc8 44. e5 Nb6 45. Bc4 Nd7 46. f5 exf5+ 47. Kxf5 Nc5 48. Nf4 Bb2 49. Nd5+ Kf8 50. Nb6 Bd4 51. Nc8 Nd7 {[#]} ({Black should play} 51... g6+ $11 52. hxg6 fxg6+ 53. Kf4 (53. Kxg6 Bxe5 54. Bd5 Ke8 $11) 53... Bb2) 52. Bxf7 $1 $14 {[%mdl 512]} Nxe5 (52... Kxf7 53. e6+) 53. Bd5 Nc6 (53... Nd7 $14) 54. Bxc6 $16 bxc6 {KB-KN} 55. Nd6 ({Better is} 55. Ke6 $16) 55... Ke7 $11 56. Nc4 Bc3 57. Ne3 Kf7 58. Ng4 Bb2 $2 {[%mdl 8192]} (58... Ke7 $11) 59. Nf2 $2 (59. Ne5+ $18 Kg8 60. Nxc6) 59... Ke7 {The position is equal.} 60. Ne4 Bd4 61. Kg6 Ke6 62. Ng3 {[#] Nf5 is the strong threat.} Kd5 63. Nf5 Bb2 64. Nxg7 Bc1 $1 65. Kf5 {And now Ne6 would win.} Kd4 66. Ne6+ Kc3 67. Nf4 Kxb3 68. h6 c5 69. h7 Bb2 70. Nd3 Bh8 {Hoping for ...c4.} 71. Nxc5+ Kb4 72. Nb7 Kxa4 73. Nxa5 Kxa5 74. Kg6 Kb6 {Accuracy: White = 63%, Black = 61%.} 1/2-1/2

[Event "7th Iberoamerican-ch 2019"]
[Site "Linares"]
[Date "2019.08.10"]
[Round "1.4"]
[White "Torres Sanchez, Jose"]
[Black "Delgado Ramirez, Neuris"]
[Result "0-1"]
[WhiteElo "2267"]
[BlackElo "2605"]
[Annotator "TA"]
[PlyCount "58"]
[EventDate "2019.08.10"]
[EventType "swiss"]
[EventCountry "ESP"]
[SourceTitle "playchess.com"]
[Source "ChessBase"]
[SourceQuality "1"]

{[%evp 18,58,-2,-9,0,-14,-13,-14,-22,-65,-60,-68,-64,-91,-63,-85,-70,-73,-79,-158,-120,-184,-190,-227,-84,-570,-570,-568,-565,-528,-493,-466,-298,-884,-887,-890,-890,-849,-833,-1232,-1228,-1254,-1254]} 1. e4 c5 2. Nc3 a6 3. Nf3 d6 4. d4 cxd4 5. Nxd4 Nf6 6. f4 e5 7. Nf3 Nbd7 8. a4 Be7 9. Bc4 Qa5 10. Bd2 O-O {B93: Sicilian Najdorf: 6 f4} 11. Qe2 exf4 12. O-O Ne5 {The position is equal.} 13. Bb3 Ng6 14. Kh1 Qc5 (14... Qh5 15. Rae1 Bd7 16. Nd4 Qc5 17. Nf5 Bxf5 18. exf5 Qxf5 19. Bxf4 Nxf4 20. Qxe7 {1-0 (36) Hjartarson,J (2541)-Ziska,H (2551) Runavik 2016}) 15. Rad1 Bg4 16. Bc1 Rae8 $146 ({Predecessor:} 16... Qh5 17. Nd5 Nxd5 18. Rxd5 {½-½ (38) Erenska Barlo,H (2225)-Gaprindashvili,N (2330) Jajce 1984}) 17. Qc4 Bd8 18. Qd3 (18. Qxc5 $142 dxc5 19. h3) 18... Ba5 19. Qxd6 {[#]} (19. Nd5 $17) 19... Qh5 $1 $19 ({Resist} 19... Qxd6 20. Rxd6 Nxe4 21. Nxe4 $15) 20. e5 Rd8 ({Don't do} 20... Nxe5 21. Bd5) (20... Bxf3 $19 {is more deadly.} 21. exf6 Bxd1 22. fxg7 Kxg7 23. Qd4+ Re5 24. Qxd1 Qxd1 25. Rxd1 Rfe8) 21. exf6 $4 {[%mdl 8192]} (21. Qc5 $17 {nothing else works.}) 21... Rxd6 22. Rxd6 Bxf3 23. gxf3 {[#]} Qh3 $1 {[%cal Rh3f1]} 24. Rf2 Rd8 25. Ne4 $2 (25. Rxd8+ Bxd8 26. Nd5) 25... Rxd6 {[%mdl 64] Overworked Piece. Black is clearly winning.} 26. Nxd6 gxf6 {...Bb6 is the strong threat.} 27. Bxf7+ Kf8 {White must now prevent ...Bb6.} 28. Bxg6 hxg6 29. Nc4 Be1 {Accuracy: White = 10%, Black = 72%.} 0-1

[Event "7th Iberoamerican-ch 2019"]
[Site "Linares"]
[Date "2019.08.10"]
[Round "1.5"]
[White "Flores, Diego"]
[Black "Garcia, Jhoel"]
[Result "1-0"]
[WhiteElo "2600"]
[BlackElo "2290"]
[Annotator "TA"]
[PlyCount "51"]
[EventDate "2019.08.10"]
[EventType "swiss"]
[EventCountry "ESP"]
[SourceTitle "playchess.com"]
[Source "ChessBase"]
[SourceQuality "1"]

{[%evp 9,51,11,34,15,18,7,23,6,22,2,70,63,56,56,58,61,78,62,68,68,50,50,54,57,74,75,83,88,100,89,133,147,221,210,275,281,256,271,529,518,778,766,29979,34]} 1. c4 Nf6 2. g3 e6 3. Bg2 d5 4. Nf3 d4 5. O-O Be7 (5... c5 6. e3 Nc6 7. exd4 cxd4 8. d3 Bd6 9. Bg5 h6 10. Bxf6 Qxf6 11. Nbd2 Qe7 12. a3 a5 13. Ne4 Bc7 14. b4 axb4 15. axb4 Rxa1 16. Qxa1 Qxb4 {0-1 (43) Maghsoodloo,P (2673)-Matlakov,M (2692) Sharjah 2019}) 6. b4 {A13: English Opening: 1...e6} c5 7. Bb2 O-O 8. d3 {White has an edge.} a5 9. bxc5 Nc6 (9... Bxc5 $11 10. Nbd2 a4) 10. e3 $14 {[%cal Re3d4]} Bxc5 11. exd4 Nxd4 12. Nbd2 $146 ({Predecessor:} 12. Nc3 Nxf3+ 13. Bxf3 {½-½ (27) Toran Albero,R-Kinzel,A Adelboden 1969}) 12... a4 13. Nxd4 (13. Rb1 {with more complications.} Nc6 14. Qe2 Ra6 15. Ne4 Nxe4 16. Qxe4 Rb6 17. Bc3) 13... Bxd4 14. Bxd4 Qxd4 15. Nf3 Qc5 16. Rb1 Rd8 17. Qe2 $36 {[%mdl 2048] White is really pushing.} Qc7 18. Qe5 Qe7 19. d4 Qa3 20. Qe2 Ra7 {[#]} (20... Qe7 $16 {keeps fighting.} 21. Rfd1 Qc7) 21. c5 $1 $18 Nd5 22. Ne5 Qc3 23. Rfc1 Qxd4 $2 {[#]} (23... Qa5 {is a better defense.} 24. Nc4 Qc7) 24. Rc4 $1 {[%cal Rc4d4]} Nc3 (24... Nf4 $142 25. gxf4 Qd2 26. Qxd2 Rxd2) 25. Qh5 Qd2 26. Qxf7+ {[%mdl 64] Double Attack. Accuracy: White = 75%, Black = 18%.} 1-0

[Event "7th Iberoamerican-ch 2019"]
[Site "Linares"]
[Date "2019.08.10"]
[Round "1.6"]
[White "Esquivias Quintero, Luis Manuel"]
[Black "Salgado Lopez, Ivan"]
[Result "1/2-1/2"]
[WhiteElo "2275"]
[BlackElo "2596"]
[Annotator "ChessBase"]
[PlyCount "65"]
[EventDate "2019.08.10"]
[EventType "swiss"]
[EventCountry "ESP"]
[SourceTitle "playchess.com"]
[Source "ChessBase"]
[SourceQuality "1"]
[TimeControl "5400+30"]

1. e4 {[%emt 0:00:00]} c5 {[%emt 0:00:00]} 2. Nf3 {[%emt 0:00:00]} Nc6 {[%emt 0:00:06]} 3. d4 {[%emt 0:00:00]} cxd4 {[%emt 0:00:18]} 4. Nxd4 {[%emt 0:00:00]} Nf6 {[%emt 0:00:29]} 5. Nc3 {[%emt 0:00:00]} d6 {[%emt 0:00:08]} 6. Bg5 {[%emt 0:00:25]} e6 {[%emt 0:01:08]} 7. Qd2 {[%emt 0:00:37]} a6 {[%emt 0:00:34]} 8. O-O-O {[%emt 0:00:27]} Be7 {[%emt 0:00:09]} 9. f3 {[%emt 0:01:36]} Qc7 {[%emt 0:02:27]} 10. Kb1 {[%emt 0:07:10]} Nxd4 {[%emt 0:00:54]} 11. Qxd4 {[%emt 0:00:48]} b5 {[%emt 0:00:08]} 12. g4 {[%emt 0:09:35]} Bb7 {[%emt 0:01:24]} 13. a3 {[%emt 0:19:11]} Rc8 {[%emt 0:01:14]} 14. Qd2 {[%emt 0:24:56]} O-O {[%emt 0:06:14]} 15. Bd3 {[%emt 0:01:15]} Rfd8 {[%emt 0:00:36]} 16. h4 {[%emt 0:03:13]} d5 {[%emt 0:02:00]} 17. e5 {[%emt 0:03:00]} Ne4 {[%emt 0:02:06]} 18. fxe4 {[%emt 0:01:10]} dxe4 {[%emt 0:00:26]} 19. Bxe7 {[%emt 0:02:51]} Qxe7 {[%emt 0:01:15]} 20. Rh3 {[%emt 0:00:51]} exd3 {[%emt 0:14:52]} 21. Rxd3 {[%emt 0:00:20]} Rxd3 {[%emt 0:01:20]} 22. Qxd3 {[%emt 0:00:05]} Bc6 {[%emt 0:15:02]} 23. g5 {[%emt 0:04:31]} Rb8 {[%emt 0:05:01]} 24. Ne4 {[%emt 0:05:36]} Bxe4 {[%emt 0:08:53]} 25. Qxe4 {[%emt 0:00:03]} Rd8 {[%emt 0:00:32]} 26. Rd4 {[%emt 0:04:31]} Rxd4 {[%emt 0:05:27]} 27. Qxd4 {[%emt 0:00:02]} h6 {[%emt 0:00:41]} 28. gxh6 {[%emt 0:01:15]} gxh6 {[%emt 0:00:07]} 29. Qg4+ {[%emt 0:01:44]} Kh7 {[%emt 0:00:40]} 30. Qe4+ {[%emt 0:00:08]} Kg7 {[%emt 0:00:17]} 31. Qg4+ {[%emt 0:00:04]} Kh7 {[%emt 0:00:18]} 32. Qe4+ {[%emt 0:00:04]} Kg7 {[%emt 0:00:10]} 33. Qg4+ {[%emt 0:01:21]} 1/2-1/2

[Event "7th Iberoamerican-ch 2019"]
[Site "Linares"]
[Date "2019.08.10"]
[Round "1.7"]
[White "Lopez Martinez, Josep Manuel"]
[Black "Moral Garcia, Serafin"]
[Result "1-0"]
[WhiteElo "2581"]
[BlackElo "2283"]
[Annotator "ChessBase"]
[PlyCount "97"]
[EventDate "2019.08.10"]
[EventType "swiss"]
[EventCountry "ESP"]
[SourceTitle "playchess.com"]
[Source "ChessBase"]
[SourceQuality "1"]
[TimeControl "5400+30"]

1. d4 {[%emt 0:00:00]} Nf6 {[%emt 0:00:00]} 2. c4 {[%emt 0:00:00]} g6 {[%emt 0:00:15]} 3. Nc3 {[%emt 0:00:39]} Bg7 {[%emt 0:00:31]} 4. e4 {[%emt 0:01:03]} d6 {[%emt 0:00:35]} 5. h3 {[%emt 0:03:12]} O-O {[%emt 0:01:35]} 6. Be3 {[%emt 0:03:13]} e5 {[%emt 0:02:43]} 7. d5 {[%emt 0:00:56]} a5 {[%emt 0:03:19]} 8. g4 {[%emt 0:05:41]} Ne8 {[%emt 0:02:43]} 9. Nf3 {[%emt 0:06:02]} f5 {[%emt 0:05:15]} 10. gxf5 {[%emt 0:05:38]} gxf5 {[%emt 0:00:25]} 11. exf5 {[%emt 0:00:55]} Bxf5 {[%emt 0:01:43]} 12. Ng5 {[%emt 0:04:46]} Nf6 {[%emt 0:05:44]} 13. Rg1 {[%emt 0:07:18]} Qe7 {[%emt 0:04:25]} 14. Qf3 {[%emt 0:09:30]} Bg6 {[%emt 0:02:26]} 15. Ne6 {[%emt 0:05:19]} Rf7 {[%emt 0:00:33]} 16. Rxg6 {[%emt 0:05:00]} hxg6 {[%emt 0:00:12]} 17. Qg2 {[%emt 0:00:24]} Nbd7 {[%emt 0:03:54]} 18. Nxc7 {[%emt 0:07:06]} Rc8 {[%emt 0:00:26]} 19. Ne6 {[%emt 0:00:14]} Nc5 {[%emt 0:01:55]} 20. Bxc5 {[%emt 0:00:51]} dxc5 {[%emt 0:00:03]} 21. Qxg6 {[%emt 0:00:23]} e4 {[%emt 0:03:37]} 22. Be2 {[%emt 0:05:42]} Qd6 {[%emt 0:05:03]} 23. O-O-O {[%emt 0:04:48]} Re8 {[%emt 0:02:36]} 24. Bg4 {[%emt 0:05:43]} Nh7 {[%emt 0:05:10]} 25. Bf5 {[%emt 0:08:32]} Nf8 {[%emt 0:02:42]} 26. Qg4 {[%emt 0:03:24]} Qe5 {[%emt 0:03:25]} 27. Nxg7 {[%emt 0:02:58]} Qxg7 {[%emt 0:04:54]} 28. d6 {[%emt 0:00:15]} Qxg4 {[%emt 0:01:36]} 29. hxg4 {[%emt 0:00:07]} Kg7 {[%emt 0:01:09]} 30. d7 {[%emt 0:00:46]} Rd8 {[%emt 0:00:02]} 31. Nxe4 {[%emt 0:00:08]} b6 {[%emt 0:00:28]} 32. Rd6 {[%emt 0:00:51]} Nxd7 {[%emt 0:01:39]} 33. Ng5 {[%emt 0:00:18]} Rf6 {[%emt 0:00:07]} 34. Ne6+ {[%emt 0:00:42]} Kg8 {[%emt 0:00:02]} 35. Rd1 {[%emt 0:02:08]} Re8 {[%emt 0:00:17]} 36. Rxd7 {[%emt 0:00:41]} Rexe6 {[%emt 0:00:01]} 37. Bxe6+ Rxe6 38. Rd5 {[%emt 0:02:00]} Re4 {[%emt 0:00:27]} 39. Rg5+ {[%emt 0:00:20]} Kf7 {[%emt 0:00:16]} 40. b3 {[%emt 0:00:21]} Re2 {[%emt 0:01:26]} 41. Rf5+ {[%emt 0:00:07]} Ke6 {[%emt 0:00:06]} 42. a4 {[%emt 0:00:14]} Re4 {[%emt 0:01:54]} 43. f4 {[%emt 0:00:59]} Rd4 {[%emt 0:00:08]} 44. Kc2 {[%emt 0:00:19]} Rd8 {[%emt 0:00:54]} 45. Re5+ {[%emt 0:00:11]} Kf6 {[%emt 0:00:08]} 46. g5+ {[%emt 0:00:23]} Kg6 {[%emt 0:00:07]} 47. Re6+ {[%emt 0:00:49]} Kf5 {[%emt 0:00:01]} 48. Rxb6 {[%emt 0:00:32]} Kxf4 {[%emt 0:00:01]} 49. Rc6 1-0

[Event "7th Iberoamerican-ch 2019"]
[Site "Linares"]
[Date "2019.08.10"]
[Round "1.8"]
[White "Forgas Moreno, Yaniela"]
[Black "Vazquez Igarza, Renier"]
[Result "1/2-1/2"]
[WhiteElo "2272"]
[BlackElo "2558"]
[Annotator "ChessBase"]
[PlyCount "111"]
[EventDate "2019.08.10"]
[EventType "swiss"]
[EventCountry "ESP"]
[SourceTitle "playchess.com"]
[Source "ChessBase"]
[SourceQuality "1"]
[TimeControl "5400+30"]

1. e4 {[%emt 0:00:00]} c5 {[%emt 0:01:15]} 2. Nc3 {[%emt 0:00:00]} e6 {[%emt 0:01:38]} 3. g3 {[%emt 0:00:37]} d5 {[%emt 0:00:34]} 4. Bg2 {[%emt 0:02:41]} Nf6 {[%emt 0:04:20]} 5. e5 {[%emt 0:03:00]} Ng8 {[%emt 0:02:40]} 6. d3 {[%emt 0:02:34]} Nc6 {[%emt 0:00:15]} 7. f4 {[%emt 0:00:32]} Nh6 {[%emt 0:00:24]} 8. Nf3 {[%emt 0:01:02]} Nf5 {[%emt 0:00:08]} 9. Ne2 {[%emt 0:04:13]} h5 {[%emt 0:00:13]} 10. h3 {[%emt 0:02:27]} Bd7 {[%emt 0:07:16]} 11. O-O {[%emt 0:09:59]} Ncd4 {[%emt 0:02:54]} 12. Kh2 {[%emt 0:13:06]} h4 {[%emt 0:07:20]} 13. Nfxd4 {[%emt 0:04:14]} hxg3+ {[%emt 0:00:53]} 14. Nxg3 {[%emt 0:00:20]} Nxg3 {[%emt 0:00:34]} 15. Kxg3 {[%emt 0:00:13]} cxd4 {[%emt 0:00:08]} 16. Kh2 {[%emt 0:04:38]} Rc8 {[%emt 0:00:11]} 17. Bd2 {[%emt 0:00:33]} Qb6 {[%emt 0:02:53]} 18. Rb1 {[%emt 0:03:06]} Be7 {[%emt 0:07:08]} 19. Be1 {[%emt 0:06:41]} Qc7 {[%emt 0:05:30]} 20. Rc1 {[%emt 0:01:48]} Qb6 {[%emt 0:01:05]} 21. Rb1 {[%emt 0:02:58]} Ba4 {[%emt 0:09:58]} 22. b3 {[%emt 0:02:35]} Bd7 {[%emt 0:00:06]} 23. Bf2 {[%emt 0:01:35]} Qb4 {[%emt 0:00:59]} 24. Bg1 {[%emt 0:11:15]} Qc3 {[%emt 0:03:19]} 25. Rf2 {[%emt 0:01:39]} g6 {[%emt 0:04:50]} 26. Re2 {[%emt 0:06:04]} b5 {[%emt 0:01:23]} 27. Qf1 {[%emt 0:00:53]} Bd8 {[%emt 0:03:48]} 28. Qf2 {[%emt 0:01:56]} Bb6 {[%emt 0:00:27]} 29. a3 {[%emt 0:03:31]} Qc5 {[%emt 0:04:45]} 30. Ra1 {[%emt 0:01:22]} Qe7 {[%emt 0:01:29]} 31. Qe1 {[%emt 0:01:39]} Qh4 {[%emt 0:00:40]} 32. Qd2 {[%emt 0:01:14]} Qg4 {[%emt 0:03:37]} 33. Rf1 {[%emt 0:01:37]} Ba5 {[%emt 0:03:27]} 34. Qd1 {[%emt 0:01:11]} Bc3 {[%emt 0:00:53]} 35. Rf3 {[%emt 0:00:31]} Qh4 {[%emt 0:01:40]} 36. Bf2 {[%emt 0:02:13]} Qe7 {[%emt 0:00:02]} 37. Qg1 {[%emt 0:00:57]} Qc5 {[%emt 0:02:30]} 38. Rg3 {[%emt 0:00:48]} a5 {[%emt 0:00:28]} 39. Qc1 {[%emt 0:01:07]} Qe7 {[%emt 0:01:34]} 40. Rg4 {[%emt 0:01:23]} Kf8 {[%emt 0:03:37]} 41. Bf3 {[%emt 0:00:34]} Kg7 {[%emt 0:00:15]} 42. Qg1 {[%emt 0:01:20]} Qxa3 {[%emt 0:00:59]} 43. Rg5 {[%emt 0:00:49]} Kf8 {[%emt 0:01:01]} 44. f5 {[%emt 0:00:26]} gxf5 {[%emt 0:03:06]} 45. Bh4 {[%emt 0:00:19]} Ke8 {[%emt 0:06:57]} 46. Rg8+ {[%emt 0:00:42]} Rxg8 {[%emt 0:00:08]} 47. Qxg8+ {[%emt 0:00:04]} Qf8 {[%emt 0:00:05]} 48. Qh7 {[%emt 0:00:11]} Bb4 {[%emt 0:02:56]} 49. Bf6 {[%emt 0:00:37]} a4 {[%emt 0:01:11]} 50. Rg2 {[%emt 0:00:29]} a3 {[%emt 0:00:07]} 51. Rg8 {[%emt 0:00:30]} Rxc2+ {[%emt 0:00:01]} 52. Kg3 {[%emt 0:00:49]} Be1+ {[%emt 0:01:21]} 53. Kf4 {[%emt 0:00:16]} Bd2+ {[%emt 0:00:02]} 54. Kg3 {[%emt 0:00:09]} Be1+ {[%emt 0:00:06]} 55. Kf4 {[%emt 0:00:05]} Bd2+ {[%emt 0:00:13]} 56. Kg3 {[%emt 0:00:09]} 1/2-1/2